000 03205nam a2200349 i 4500
001 196340
003 ES-GrU
005 20250804062712.0
007 ta
008 240913s2024 sp g 000pf spa d
017 _aB 10353-2024
_bOficina Depósito Legal Barcelona
020 _a9788401027970
040 _aUGR
_erda
_bspa
_cES-MaACL
080 _a821.134.2-31"20"
100 1 _aNavarro Coll, Julia,
_9238749
_eaut
245 1 3 _aEl niño que perdió la guerra /
_cJulia Navarro
250 _aPrimera edición: septiembre de 2024
264 1 _aBarcelona :
_bPlaza y Janés,
_c2024
264 4 _c ©2024
300 _a640 páginas ;
_c24 cm
336 _atexto
_btxt
_2rdacontent
337 _asin mediación
_bn
_2rdamedia
338 _avolumen
_bnc
_2rdacarrier
520 3 _aSinopsis: Un niño. Dos países. Dos ideologías.Una emocionante y ambiciosa novela sobre la identidad y el poder arrollador de la cultura que nos muestra que, incluso en los rincones más oscuros de la Historia, la vida se abre paso.Madrid, invierno de 1938Clotilde, una artista gráfica que dibuja caricaturas para los diarios republicanos, asiste en Madrid a los últimos meses de la Guerra Civil. La caída de la República es inminente, por lo que su marido, militante comunista que trabaja para los rusos, decide enviar a Moscú a su hijo Pablo, de tan solo cinco años, en contra de su voluntad. Clotilde se resiste con todas sus fuerzas, pero no logra evitar que el comandante Borís Petrov emprenda ese arriesgado viaje por una España en llamas para cumplir con el deseo de su camarada de llevar a Pablo a la Unión Soviética, donde Stalin está levantando un nuevo país sobre las ruinas del antiguo régimen.Moscú, primavera de 1939Allí es recibido por su nueva familia que, conmovida por su trágico exilio, acoge con afecto a un niño exhausto y enfermo. Anya no duda en cuidar de Pablo como si fuese su propio hijo, sin hacer distinciones con Igor, su hermano de adopción. Hija y esposa de dos orgullosos héroes de la Revolución -su padre luchó junto a Lenin, su marido a las órdenes de Stalin-, Anya ama la poesía y la música, aficiones sospechosas y burguesas a los ojos del poder. Mientras sus ilusiones naufragan en el ambiente cada vez más opresivo del terror estalinista, su espíritu se rebela contra la injusticia, la miseria, la ausencia de libertad y el Gulag.Pablo crece entre el recuerdo cada vez más tenue de su madre, que no ceja en su empeño por recuperarlo, y el cariño de Anya, quien le transmite su amor por la música, la literatura y sus deseos de libertad. Dos mujeres unidas por el destino de un niño y enfrentadas al mismo espejo: el de las ideologías totalitarias a las que sucumbió el siglo xx.Se puede perder una guerra, pero se puede ganar la libertad
_2(Fuente:casadellibro.com)
655 0 _aNovelas
_9234319
852 _aES-MaACL
_cDEPOJ
_jN-10131
_xEncuadernación cartoné con sobrecubierta
_hDonación: Editorial
_9206264
942 _cMONOGRAFIA
_n0
999 _c196340
_d196340